000
00236nam a2200097Ia 4500
008
220204s9999 xx 000 0 und d
082
_a
581.2(035)
_b
PLA
245
0
_a
Plant protection manual
260
_a
Bangalore
_b
UAS
_c
1970
942
_c
BK
999
_c
21887
_d
21887